MDQL
is popping MORE tags! Check the
thread
!
Quizzes
Events
Quiz Creation
Community
Videos
Private Events
Remove Ads
Sign In
Join for FREE
Feedback
Dark Mode
Quiz Categories
Sports
Geography
Music
Movies
Television
Just For Fun
Miscellaneous
History
Literature
Language
Science
Gaming
Entertainment
Religion
Holiday
For Kids
Quiz Lab
Recent
Popular Today
Quiz Kudos Today
Editor Picks
Curator Picks
Quizzes by...
Day
Popularity
Type
Ratings
Length
Year
Community
Subscriptions
Recent Discussions
Orange Saloon
Badges
Playlists
Quests
Create
Leaderboards
Showdown
Live 5
Trivia Bingo
Activity
Puzzle Library
Sporcle Events
Private Events
Virtual Trivia
Globe League
Become a Host
Pub Owners
SporcleCon
Opinionation
Our Games
Videos
Blog
Mobile Apps
Partnerships
Remove Ads and Go Orange
Feedback
Gaming
Video Games
Board Games
Card Games
Pokémon
Mario
Nintendo
Minecraft
Console
Toys
Legend of Zelda
Gaming
Video Games
Board Games
Card Games
Pokémon
Mario
Nintendo
Minecraft
Console
Toys
Legend of Zelda
Random Quiz
Search Sporcle
×
Quiz Lab
Quiz Lab
Gaming
Video Games
Type in answers that appear in a list
Type in answers that appear in a list
Classic
Best Score? Go Orange.
To The Moon (PC Game) Stats
Can you answer these questions about the outstanding computer game, To The Moon?
By
waffle23
10m
30 Questions
132 Plays
132 Plays
132 Plays
Comments
Comments
Give Quiz Kudos
Give Quiz Kudos
-
- Ratings
hide this ad
Replay
Link that replays current quiz
Next Quiz
Link to next quiz in quiz playlist
You Got
0%
They Got
Avg Score
63%
Avg Friend Score
Upgrade to see
Score Distribution
Jump to the score distribution portion of the page
Score
0/30
Timer
10:00
0
Plays Today
Hint
Answer
% Correct
The patient
Johnny Wyles
95.5%
The patient's wife
River Wyles
95.5%
The male scientist
Dr. Neil Watts
93.2%
The female scientist
Dr. Eva Rosalene
90.2%
The animal that the patient's wife makes into origami figures
Rabbit
79.5%
The stuffed animal that the patient's wife treasures
Platypus
75.8%
The patient's brother
Joey
74.2%
The female friend of the patient and his wife, who refers to the patient as a 'neurotypical'
Isabelle
71.2%
The name of the lighthouse
Anya
71.2%
The place the patient aspires to journey to
The Moon
69.7%
The patient's caregiver
Lily
68.9%
The patient's wife's syndrome
Asperger Syndrome
68.9%
The caregiver's son
Tommy
66.7%
The type of animal that appears as roadkill at the beginning of the story
Squirrel
65.9%
The patient's best friend
Nicholas
65.2%
Hint
Answer
% Correct
What the patient's wife believes stars really are
Lighthouses
65.2%
The patient's brother's favorite book series
Animorphs
65.2%
The caregiver's daughter
Sarah
62.9%
The two colors that make up the patient's wife's wedding dress
Blue and Yellow
62.1%
The song that plays during the story, which includes lyrics
Everything's Alright
62.1%
The patient's brother's favorite food
Pickled Olives
59.8%
David's main morph
Cobra
51.5%
What the patient's brother wants to be when he grows up
An Author
51.5%
The creator of To The Moon
Kan Gao
50.8%
The company that the scientists work for
Sigmund Corp
50.8%
The drug class that the patient was given when he was young
Beta Blockers
47.7%
The other memento that the patient's wife treasures, which the patient throws into the sea
Hackysack
45.5%
The treatment for the patient's wife's syndrome demonstrated in the story
Equine Therapy
35.6%
The patient's mother
Martha
34.1%
The doctor who diagnoses the patient's wife with her syndrome
Dr. Lee
16.7%
Quiz Playlist
Details
Report
Send in Message
Add To Playlist
Classic:
Type in answers that appear in a list
Last Updated: Feb 16, 2017
Quiz Scoreboard
CHALLENGE
Sign Up to Join the Scoreboard
Show All
Scores
Hide
Comments
May contain spoilers
Recently Published
Two Season TV Shows II
by 123Four
Television
10m
Image Sorting: Flags VI
by Barbecue
Geography
2m
Find the 'City' Movie
by crazypaving
Movies
60s
More to Explore
Quiz From the Vault
Featured Blog Post
14 Easter Pick-up Lines to Find Eggs With
hide this ad
You Might Also Like...
Tags
Video Games Quiz
Computer Games
Moon
rpg
RPGs
Video Game Characters
Video Game Items
Today's Top Quizzes in Gaming
Browse Gaming
hide this ad
Today's Top Quizzes in Video Games
Browse Video Games
Top Contributed Quizzes in Gaming
1
League of Legends Pro Players by Career/Team History
2
Destiny 2 exotic weapons by perk icons
3
Genshin Impact Logic Puzzle
4
Genshin murder mystery
5
Dead By Daylight Logic Puzzle
6
4x4 Decades: Video Games
7
Ultimate Genshin Impact Logic Puzzle (up to 4.3)
8
Genshin Impact Logic Puzzle Quiz
9
Overwatch Logic Puzzle
10
Who's on the WWE 2K24 Cover?
Explore More
Trending Topics
Harry Potter
Disney
Kpop
Crossword
Anime
NBA
Marvel
Soccer
Country
WWE
Puzzle
Pokémon
The Office
NFL
Song
hide this ad
More By:
waffle23
Quiz
Plays
Rating
Category
Featured
Created
To The Moon (PC Game)
132
5.00
Gaming
Oct 31, 2014
Go to Creator's Profile
Score Distribution
Quiz Creator Spotlight
waffle23
Follow
Send a Message
Quizzes Created
-
Created Quiz Play Count
-
More By This Creator
Popular Quizzes Today
1
Find the US States - No Outlines Minefield
2
Colored Red Africa Blitz
3
Find the 'City' Movie
4
5x2 Blitz: Bands
5
The Countries of the World
6
Find the Countries of Europe - No Outlines Minefield
7
Find the US States
8
US States
More Gaming Quizzes
Mystery Phrase Blitz: Super Smash Bros.
Curator's Pick
Trending Quizzes
Colored Red Europe Blitz I
Colored Red Africa Blitz II
Colored Red Europe Blitz II
Colored Red Africa Blitz III
Colored Red Europe Blitz III
Recently Updated
How Do You Spell That?
pecheneg
Godzilla Movies
pecheneg
Grab Bag: 4-10 Letters
pecheneg
2024 March Madness Bracket
pecheneg
Famous TV Couples
Peacemaker
Champions League XIs: Real Madrid
pecheneg
Largest US Cities 1790-2010
pecheneg
Rides in Walt Disney World
pecheneg
Most Oscar Losses (Acting)
pecheneg
Beyoncé Albums
pecheneg
Trending Topics
Disney
Kpop
NBA
Harry Potter
Marvel
Anime
Crossword
WWE
Pokémon
Country
NFL
Song
Puzzle
Soccer
The Office
Your Account Isn't Verified!
In order to create a playlist on Sporcle, you need to verify the email address you used during registration. Go to your
Sporcle Settings
to finish the process.
Report this User
Report this user for behavior that violates our
Community Guidelines
.
Details:
Send Report
Go to the Sporcle.com Mobile Site →
Comments